OT 2025 Gala 6 - Estadísticas

Estadísticas generales
  • Esta prueba ha sido intentada 58 veces
  • La puntuación promedio es 6 de 9
Estadísticas de respuestas
Concursante Cantante Real Canción % Correcto
Claudia Arenas & Guille Toledano Isolina Carrillo Dos gardenias
86%
Guillo Rist & Olivia La La Love You & Samuraï El principio de algo
79%
Tinho & Téyou Jarabe de Palo Agua
74%
Laura Muñoz & María Cruz Rihanna Diamonds
74%
Crespo Macklemore y Ryan Lewis Can't Hold Us
72%
Cristina Destiny Je me casse
72%
Lucía Casani Mon Lafarte Tu falta de querer
60%
Grupal (Todos) Paloma Faith Make your own kind of music
47%
Max Dear Even Hansen (musical) You Will Be Found
47%
No se encontraron pruebas coincidentes
Distribución de puntuación
Porcentaje de gente con cada puntuación
Porcentaje por número respondido
Historial de tus puntuaciones
No has intentado esta prueba.